| 000 | 00715 a2200241 4500 | ||
|---|---|---|---|
| 003 | IN-BaIIA | ||
| 005 | 20240325105356.0 | ||
| 008 | 240321b |||||||| |||| 00| 0 eng d | ||
| 020 | _a978-0-19-886251-2 | ||
| 040 | _cIIA Library | ||
| 080 |
_a519.21 _bBIT |
||
| 100 |
_aBittelli, Marco _949141 |
||
| 245 |
_aRandom process analysis with R _cby Marco Bittelli, Roberto Olmi and Rodolfo Rosa |
||
| 260 |
_aOxford _bOxford University Press _c2023 |
||
| 300 | _axi, 500p. | ||
| 650 |
_aMathematics _982 |
||
| 650 |
_aProbability _93440 |
||
| 650 | _aStatistics | ||
| 650 |
_aStochastic Processes _94970 |
||
| 700 |
_aOlmi, Roberto _949144 _eAuthor |
||
| 700 |
_aRosa, Rodolfo _949145 _eAuthor |
||
| 942 |
_2udc _cBK |
||
| 999 |
_c36043 _d36043 |
||